[Event "54smm B Merania2-Steinegg"]
[Site "?"]
[Date "2023.02.11"]
[Round "7.3"]
[White "Engl, Alexander"]
[Black "Avolio, Luca"]
[Result "1-0"]
[WhiteElo "1850"]
[BlackElo "1031"]
[PlyCount "57"]
[EventDate "2023.02.11"]

1. f4 Nf6 2. Nf3 e6 3. g3 Be7 4. Bg2 O-O 5. O-O Nc6 6. d3 h6 7. e4 d5 8. e5 Nd7
9. d4 b6 10. Be3 Ba6 11. Rf2 Re8 12. Nbd2 Rc8 13. c3 Bb7 14. Qc2 Ba6 15. Qa4
Bb7 16. g4 Bh4 17. Rff1 Be7 18. g5 h5 19. Bh3 g6 20. Qc2 Ba6 21. Rf2 Nf8 22.
Nh4 Kg7 23. f5 exf5 24. Nxf5+ gxf5 25. Qxf5 Kh8 26. Qxf7 Rb8 27. Qxh5+ Kg7 28.
g6 Bc8 29. Rxf8 1-0

[Event "54smm B Taufers-Kaltern/Tramin2"]
[Site "?"]
[Date "2023.02.11"]
[Round "7.1"]
[White "Unterkofler, Alex"]
[Black "Holzer, Philipp"]
[Result "1-0"]
[WhiteElo "1741"]
[BlackElo "1898"]
[PlyCount "59"]
[EventDate "2023.02.11"]

1. e4 e5 2. f4 Bc5 3. Nf3 d6 4. c3 Nc6 5. d4 exd4 6. cxd4 Bb6 7. Be3 Nf6 8. Nc3
O-O 9. Qd2 Re8 10. Bd3 Bg4 11. Bc2 Ba5 12. h3 Bxf3 13. gxf3 d5 14. e5 Nh5 15.
O-O-O Qe7 16. Qd3 g6 17. Nxd5 Qd7 18. Bb3 Rad8 19. f5 Kh8 20. Bg5 Ne7 21. Nxe7
Rxe7 22. Bxe7 Qxe7 23. fxg6 hxg6 24. Qe3 Kg7 25. e6 f6 26. Rhg1 c6 27. Rxg6+
Kxg6 28. Bc2+ f5 29. Rg1+ Kf6 30. Qh6# 1-0

[Event "54smm B Taufers-Kaltern/Tramin2"]
[Site "?"]
[Date "2023.02.11"]
[Round "7.3"]
[White "Leimgruber, Erich"]
[Black "Forer, Erich"]
[Result "1/2-1/2"]
[WhiteElo "1550"]
[BlackElo "1808"]
[PlyCount "93"]
[EventDate "2023.02.11"]

1. e4 d6 2. d4 g6 3. Nf3 Bg7 4. h3 Nf6 5. Nc3 Nc6 6. d5 Ne5 7. Nxe5 dxe5 8. Be2
O-O 9. O-O e6 10. dxe6 Bxe6 11. Qxd8 Rfxd8 12. Be3 a6 13. a3 Rd7 14. Rad1 Rad8
15. Rxd7 Rxd7 16. Rd1 Rxd1+ 17. Bxd1 Ne8 18. Be2 Nd6 19. f3 f6 20. b3 Kf7 21.
a4 Bf8 22. Bd3 Ne8 23. g4 Bb4 24. Nd5 Ba5 25. Bf2 Bd2 26. Kf1 f5 27. gxf5 gxf5
28. h4 f4 29. b4 c6 30. Ke2 Bc1 31. Nc3 Ba3 32. b5 axb5 33. axb5 c5 34. Nb1 Bb4
35. c3 c4 36. cxb4 cxd3+ 37. Kxd3 Nd6 38. Nc3 Bc4+ 39. Kd2 Nxb5 40. Nxb5 Bxb5
41. Bc5 Ke6 42. Bf8 Bf1 43. Bc5 Kd7 44. Ke1 Bc4 45. Kd2 Kc6 46. Ke1 Bf7 47. Bf8
1/2-1/2

[Event "54smm B Taufers-Kaltern/Tramin2"]
[Site "?"]
[Date "2023.02.11"]
[Round "7.4"]
[White "Haidacher, Gerold"]
[Black "Steinegger, Elmar"]
[Result "1/2-1/2"]
[WhiteElo "1772"]
[BlackElo "1516"]
[PlyCount "78"]
[EventDate "2023.02.11"]

1. e4 e5 2. Nf3 Nc6 3. Bb5 d6 4. d4 exd4 5. Nxd4 Bd7 6. O-O Nxd4 7. Bxd7+ Qxd7
8. Qxd4 h6 9. Nc3 Nf6 10. Re1 Be7 11. Be3 O-O 12. Rad1 Ng4 13. Bf4 Qc6 14. Nd5
Bh4 15. g3 Bd8 16. c3 Re8 17. f3 Ne5 18. Kg2 Ng6 19. Bc1 Qd7 20. Qf2 Ne7 21.
Nf4 Nc6 22. Rd5 Bg5 23. Red1 Bxf4 24. Bxf4 f6 25. Qc2 Qf7 26. Rb5 b6 27. b3 g5
28. Bc1 Kg7 29. Qd2 Re5 30. Rd5 Rxd5 31. exd5 Ne7 32. c4 Rf8 33. h4 Nf5 34. Qd3
Qg6 35. hxg5 hxg5 36. Kf2 Qh7 37. Kg2 Qg6 38. Kf2 Qh7 39. Kg2 Qg6 1/2-1/2

[Event "54smm B Taufers-Kaltern/Tramin2"]
[Site "?"]
[Date "2023.02.11"]
[Round "7.5"]
[White "Sanin, Wilfried"]
[Black "Innerbichler, Robert"]
[Result "1-0"]
[WhiteElo "1441"]
[BlackElo "1419"]
[PlyCount "174"]
[EventDate "2023.02.11"]

1. d4 d5 2. Bf4 Nf6 3. e3 e6 4. Bd3 Be7 5. h3 O-O 6. Nf3 Nbd7 7. c3 b6 8. O-O
c5 9. dxc5 Nxc5 10. Bc2 Bb7 11. Nbd2 Bd6 12. Bxd6 Qxd6 13. Nb3 Ncd7 14. Nh2
Rfd8 15. Ng4 Qe7 16. Nxf6+ Nxf6 17. Nd4 Rac8 18. a3 h6 19. Re1 a6 20. Qe2 Nd7
21. Qd3 f5 22. Qd1 Qf6 23. Ne2 Nc5 24. Ng3 Ne4 25. Nxe4 fxe4 26. Rf1 a5 27. f3
Ba6 28. Rf2 Rf8 29. Qe1 exf3 30. Rxf3 Qe5 31. Qf2 Rxf3 32. Qxf3 Rf8 33. Bh7+
Kxh7 34. Qxf8 Qxe3+ 35. Qf2 Qxf2+ 36. Kxf2 Bd3 37. Re1 Be4 38. g3 Kg6 39. Ke3
Kg5 40. Rf1 Bg2 41. h4+ Kg4 42. Rf7 g6 43. Kf2 Be4 44. Rf4+ Kh3 45. h5 g5 46.
Rf6 Kg4 47. Rxh6 Kf5 48. Rh8 b5 49. Rb8 Bd3 50. h6 Kg6 51. Ra8 Kxh6 52. Rxa5
Kg6 53. g4 Kf6 54. a4 bxa4 55. Rxa4 e5 56. Ke3 Bc4 57. Ra8 Bb5 58. Rf8+ Kg6 59.
Rf5 d4+ 60. cxd4 exd4+ 61. Kxd4 Be2 62. b4 Bxg4 63. Rf1 Be2 64. Rf2 Ba6 65. Ke5
g4 66. Kf4 Kf6 67. Rd2 Ke6 68. Kxg4 Ke5 69. Rd8 Bf1 70. Kf3 Bc4 71. Ke3 Bf1 72.
Kd2 Ke6 73. Kc3 Ke7 74. Rd2 Ke6 75. Kb3 Bb5 76. Kc3 Ke5 77. Rd8 Bf1 78. Rd4 Be2
79. Rh4 Kd5 80. Kb3 Kc6 81. Ka4 Kb6 82. Rh6+ Kb7 83. Ka5 Bd3 84. Rf6 Bc4 85.
Rg6 Kc7 86. Rg7+ Kc6 87. b5+ Kd6 1-0

[Event "54smm A Deutschnofen-Groeden"]
[Site "?"]
[Date "2023.02.25"]
[Round "8.1"]
[White "Moroder, Stephan"]
[Black "Zamengo, Fulvio"]
[Result "0-1"]
[WhiteElo "2146"]
[BlackElo "2330"]
[PlyCount "100"]
[EventDate "2023.02.25"]

1. d4 d5 2. c4 dxc4 3. Nf3 Nf6 4. e3 a6 5. Bxc4 e6 6. O-O c5 7. dxc5 Bxc5 8.
Qxd8+ Kxd8 9. Rd1+ Ke7 10. b3 Rd8 11. Rxd8 Kxd8 12. Bb2 Nbd7 13. Nbd2 b6 14.
Rd1 Bb7 15. Be2 Rc8 16. Nc4 Ke7 17. Kf1 b5 18. Nce5 Nxe5 19. Nxe5 Bb4 20. Nd3
Bd6 21. Rc1 Rxc1+ 22. Bxc1 Ne4 23. Bb2 g5 24. f3 Nf6 25. e4 Bxh2 26. Nc5 Bc8
27. a4 Nd7 28. Bd4 Nxc5 29. Bxc5+ Bd6 30. Bxd6+ Kxd6 31. axb5 a5 32. Kf2 Kc5
33. Ke3 e5 34. Bc4 f6 35. g4 Bd7 36. Kd3 Be8 37. Kc3 h5 38. gxh5 Bxh5 39. Be2
Be8 40. Bc4 Bd7 41. Bf1 Be6 42. Bd3 Bh3 43. Be2 Bg2 44. Kd2 g4 45. fxg4 Bxe4
46. Kc3 Bd5 47. b6 Kxb6 48. b4 a4 49. Kb2 Bc6 50. Ka3 e4 0-1

[Event "54smm A Deutschnofen-Groeden"]
[Site "?"]
[Date "2023.02.25"]
[Round "8.2"]
[White "Dappiano, Andrea"]
[Black "Demetz, Rainer"]
[Result "1/2-1/2"]
[WhiteElo "2271"]
[BlackElo "2174"]
[PlyCount "150"]
[EventDate "2023.02.25"]

1. e4 e5 2. Bc4 Nf6 3. d3 c6 4. Nf3 Be7 5. O-O d6 6. Re1 O-O 7. Nbd2 b5 8. Bb3
h6 9. Nf1 Re8 10. a4 b4 11. Ng3 Bf8 12. d4 Qc7 13. c3 bxc3 14. bxc3 Be6 15.
Bxe6 Rxe6 16. Re2 Nbd7 17. Ba3 Rb8 18. Rb1 Ree8 19. Reb2 Rxb2 20. Rxb2 exd4 21.
Qxd4 Ne5 22. c4 c5 23. Qc3 Qc6 24. Qc2 Ned7 25. Nd2 g6 26. Rb1 h5 27. f3 Bh6
28. Ngf1 h4 29. Rd1 Ne5 30. Bb2 Qa6 31. Nb1 Nh5 32. Na3 h3 33. Nb5 hxg2 34.
Kxg2 Nf4+ 35. Kf2 Qc8 36. Bxe5 Rxe5 37. Ke1 Qh3 38. Qf2 Rg5 39. Ng3 Ng2+ 40.
Ke2 Qxh2 41. Rh1 Nf4+ 42. Ke3 Nd5+ 43. Ke2 Nf4+ 44. Ke3 Qxg3 45. Qxg3 Rxg3 46.
Rxh6 Nh5 47. Kf2 Rh3 48. Nxd6 Kg7 49. Nxf7 Rh2+ 50. Ke3 Ra2 51. e5 Kxf7 52.
Rh7+ Ke6 53. Rxa7 Kxe5 54. Re7+ Kd6 55. Ra7 Ke5 56. Re7+ Kf6 57. Ra7 g5 58. Ke4
Re2+ 59. Kd5 Re5+ 60. Kd6 Rf5 61. Ra8 Kg6 62. a5 Rxf3 63. a6 Nf6 64. a7 Ra3 65.
Kxc5 g4 66. Kb6 g3 67. Rd8 g2 68. Rd1 Nd7+ 69. Kb7 Nc5+ 70. Kb8 Nd7+ 71. Kb7
Nc5+ 72. Kb8 Rb3+ 73. Kc8 Ra3 74. Kb8 Rb3+ 75. Kc8 Ra3 1/2-1/2

[Event "54smm A Deutschnofen-Groeden"]
[Site "?"]
[Date "2023.02.25"]
[Round "8.3"]
[White "Bernardi, Ruben"]
[Black "Micheli, Carlo"]
[Result "1-0"]
[WhiteElo "2032"]
[BlackElo "2202"]
[PlyCount "113"]
[EventDate "2023.02.25"]

1. e4 c5 2. c3 d6 3. Na3 Nf6 4. g3 Nc6 5. Bg2 e6 6. Ne2 Be7 7. O-O d5 8. d3 b6
9. exd5 exd5 10. Bg5 Bb7 11. Nf4 Nd7 12. h4 Bxg5 13. hxg5 O-O 14. Qh5 Ne7 15.
Rae1 Re8 16. c4 Nf8 17. cxd5 Nf5 18. Nc4 Ng6 19. Rxe8+ Qxe8 20. Be4 Qd7 21. Ne3
Nd4 22. Kg2 Qd6 23. Nxg6 hxg6 24. Qh4 Nf5 25. Nxf5 gxf5 26. Bxf5 Bxd5+ 27. Be4
g6 28. Rh1 Kf8 29. Re1 Kg8 30. Rh1 Kf8 31. Qf4 Qxf4 32. gxf4 Bxe4+ 33. dxe4 Ke7
34. Rd1 Rc8 35. Kf3 c4 36. Rc1 b5 37. a3 Rd8 38. Rc3 Kd6 39. Ke3 a5 40. a4 Kc5
41. axb5 Kb4 42. b6 Rd6 43. b7 Rb6 44. Kd4 Rxb7 45. Rxc4+ Kb3 46. Rc5 a4 47.
Ra5 Rb4+ 48. Ke5 Kxb2 49. f5 a3 50. f4 a2 51. fxg6 fxg6 52. f5 Kb3 53. Rxa2
Kxa2 54. Kf6 Rb6+ 55. Kg7 Kb3 56. f6 Kc4 57. f7 1-0

[Event "54smm A Deutschnofen-Groeden"]
[Site "?"]
[Date "2023.02.25"]
[Round "8.4"]
[White "Gennari, Jacopo"]
[Black "Moroder, Thomas"]
[Result "1-0"]
[WhiteElo "2113"]
[BlackElo "1989"]
[PlyCount "93"]
[EventDate "2023.02.25"]

1. d4 Nf6 2. c4 g6 3. Nc3 Bg7 4. e4 O-O 5. Nge2 d6 6. Ng3 e5 7. d5 c6 8. Be2
cxd5 9. cxd5 Nbd7 10. h4 h5 11. Bg5 a6 12. a4 Qb6 13. Rb1 Qb4 14. Qd2 Nc5 15.
O-O Nb3 16. Qd1 Bd7 17. Kh1 Nc5 18. Qd2 Nxa4 19. f4 exf4 20. Qxf4 Ng4 21. Bxg4
Be5 22. Bxd7 Bxf4 23. Bxf4 Nb6 24. Bh3 Nc4 25. Bg5 b5 26. Rf2 Qc5 27. Rf4 Nxb2
28. Rf3 Nc4 29. Nxh5 Ne5 30. Nf6+ Kg7 31. Rg3 Qf2 32. Kh2 Rh8 33. Nd1 Qa2 34.
Rc1 Ra7 35. Ne3 b4 36. h5 b3 37. h6+ Rxh6 38. Ne8+ Kh7 39. Rc8 f5 40. exf5 b2
41. fxg6+ Rxg6 42. Nf6+ Rxf6 43. Bxf6 Nf3+ 44. Rxf3 b1=Q 45. Rg3 Kh6 46. Nf5+
Qxf5 47. Bxf5 1-0

[Event "54smm A Deutschnofen-Groeden"]
[Site "?"]
[Date "2023.02.25"]
[Round "8.5"]
[White "Grossi, Christian"]
[Black "Thurner, Markus"]
[Result "0-1"]
[WhiteElo "1885"]
[BlackElo "1891"]
[PlyCount "88"]
[EventDate "2023.02.25"]

1. d4 e6 2. Nf3 f5 3. g3 Nf6 4. Bg2 Be7 5. Nc3 c6 6. O-O O-O 7. Ne5 d6 8. Nd3
Qb6 9. e3 Bd7 10. b3 Be8 11. Bb2 Bh5 12. Qe1 d5 13. Na4 Qc7 14. Nac5 Bf7 15.
Nf4 Qc8 16. c4 Ne4 17. Rc1 Bf6 18. Nxe4 dxe4 19. f3 exf3 20. Bxf3 Nd7 21. Ba3
Re8 22. d5 e5 23. dxc6 bxc6 24. Ne2 e4 25. Bg2 Ne5 26. Qa5 Nd3 27. Rcd1 Bh5 28.
Rd2 Re5 29. Qa4 Bxe2 30. Rxe2 Qc7 31. b4 Rd8 32. Bh3 g6 33. Qb3 Kg7 34. Bc1
Nxc1 35. Rxc1 Rd3 36. Rc3 Rxc3 37. Qxc3 Rd5 38. Qc1 Rd3 39. Bf1 Qd6 40. Rc2 Rd1
41. Qa3 Rxf1+ 42. Kg2 Qd1 43. Qxa7+ Kh6 44. Rf2 Rg1+ 0-1

[Event "54smm A Deutschnofen-Groeden"]
[Site "?"]
[Date "2023.02.25"]
[Round "8.6"]
[White "Gibitz, Othmar"]
[Black "Casadio, Lorenzo"]
[Result "0-1"]
[WhiteElo "1632"]
[BlackElo "1828"]
[PlyCount "40"]
[EventDate "2023.02.25"]

1. e4 c5 2. Nc3 Nc6 3. Nge2 Nf6 4. d4 cxd4 5. Nxd4 e5 6. Nde2 Bc5 7. h3 Qb6 8.
Be3 Bxe3 9. fxe3 Qxe3 10. Qd2 Qxd2+ 11. Kxd2 O-O 12. Rd1 d5 13. exd5 Rd8 14.
Ke3 Nb4 15. a3 Nbxd5+ 16. Kf2 Be6 17. g4 Nxc3 18. Nxc3 Ne4+ 19. Kf3 Nxc3 20.
Rxd8+ Rxd8 0-1

[Event "54smm A Kaltern/Tramin-Arci"]
[Site "?"]
[Date "2023.02.25"]
[Round "8.1"]
[White "Olivetti, Davide"]
[Black "Maier, Fridolin"]
[Result "1-0"]
[WhiteElo "2064"]
[BlackElo "1758"]
[PlyCount "45"]
[EventDate "2023.02.25"]

1. e4 e5 2. d4 exd4 3. Nf3 Nc6 4. c3 dxc3 5. Bc4 cxb2 6. Bxb2 d6 7. Nc3 Be6 8.
Nd5 Na5 9. Bd3 c6 10. Ne3 Nf6 11. O-O Be7 12. Nd4 O-O 13. Qf3 d5 14. exd5 Bxd5
15. Qg3 Bd6 16. f4 Nh5 17. Qh3 Nf6 18. Nxc6 Qb6 19. Bd4 Bc5 20. Bxf6 Bxe3+ 21.
Kh1 h6 22. Ne7+ Kh8 23. Qxh6# 1-0

[Event "54smm A Kaltern/Tramin-Arci"]
[Site "?"]
[Date "2023.02.25"]
[Round "8.2"]
[White "Dibiasi, Rainer"]
[Black "De Vita, Gianni"]
[Result "0-1"]
[WhiteElo "1805"]
[BlackElo "1959"]
[PlyCount "134"]
[EventDate "2023.02.25"]

1. e4 c5 2. Nc3 e6 3. d3 Nc6 4. f4 d5 5. Nf3 d4 6. Ne2 Be7 7. Ng3 h5 8. e5 h4
9. Ne4 Nh6 10. Be2 Nf5 11. O-O Nb4 12. c4 dxc3 13. bxc3 Nd5 14. Qb3 Qb6 15. c4
Qxb3 16. axb3 Nb4 17. Ba3 Nc2 18. Ra2 Nxa3 19. Rxa3 b6 20. Kf2 Bb7 21. g4 hxg3+
22. hxg3 a5 23. g4 Bxe4 24. dxe4 Nd4 25. Nxd4 cxd4 26. Ra2 Rd8 27. Kg2 d3 28.
Bd1 d2 29. Bc2 Bb4 30. Raa1 Ke7 31. Rh1 Bc3 32. Raf1 Kd7 33. Rxh8 Rxh8 34. Rf3
Bb4 35. f5 Rh4 36. g5 Rg4+ 37. Rg3 Rxg3+ 38. Kxg3 Kc6 39. Kf4 g6 40. Ke3 b5 41.
cxb5+ Kxb5 42. Kd4 Be7 43. f6 Ba3 44. Kc3 Kc5 45. Kxd2 Kd4 46. Bd3 Kxe5 47. Bb5
Kf4 48. e5 Kxg5 49. Be8 Kf5 50. Bxf7 Bb2 51. Be8 Bxe5 52. f7 Bd6 53. Kd3 Kf6
54. Kc4 Kg7 55. Kb5 Bb4 56. f8=Q+ Bxf8 57. Kxa5 g5 58. Kb5 Kf6 59. Kc4 Ke5 60.
Bf7 g4 61. Kd3 Kf5 62. Be8 Kf4 63. Kd4 e5+ 64. Kd3 Kf3 65. Bc6+ Kf2 66. Ke4 Bd6
67. Kd5 Bb8 0-1

[Event "54smm A Kaltern/Tramin-Arci"]
[Site "?"]
[Date "2023.02.25"]
[Round "8.3"]
[White "Zammarchi, Massimo"]
[Black "Thaler, Elmar"]
[Result "1/2-1/2"]
[WhiteElo "1936"]
[BlackElo "1936"]
[PlyCount "87"]
[EventDate "2023.02.25"]

1. e4 c6 2. d4 d5 3. Nc3 dxe4 4. Nxe4 Bf5 5. Ng3 Bg6 6. h4 h6 7. Nf3 e6 8. h5
Bh7 9. Bd3 Bxd3 10. Qxd3 Nf6 11. Be3 Bd6 12. O-O-O Nbd7 13. Kb1 Qc7 14. Ne2 b5
15. g4 Nxg4 16. Rdg1 Nxe3 17. fxe3 Rg8 18. e4 e5 19. dxe5 Bxe5 20. Nxe5 Nxe5
21. Qh3 Rd8 22. Rd1 Ke7 23. Qa3+ c5 24. Nf4 Rxd1+ 25. Rxd1 Rd8 26. Nd5+ Kf8 27.
Rf1 Qc8 28. Qxa7 Rd7 29. Qa3 Nc4 30. Qc3 Qe8 31. b3 Nd6 32. Qxc5 Qxe4 33. Nb6
Rd8 34. Rd1 Qe7 35. a4 bxa4 36. Nc4 Nb7 37. Rxd8+ Nxd8 38. Qxe7+ Kxe7 39. bxa4
Nc6 40. a5 g5 41. a6 Ke6 42. Kc1 f5 43. Kd1 f4 44. Ke1 1/2-1/2

[Event "54smm A Kaltern/Tramin-Arci"]
[Site "?"]
[Date "2023.02.25"]
[Round "8.4"]
[White "Martinelli, Michele"]
[Black "D'Ambrosio, Luca"]
[Result "1-0"]
[WhiteElo "1704"]
[BlackElo "1721"]
[PlyCount "93"]
[EventDate "2023.02.25"]

1. e4 Nf6 2. d3 e5 3. Nf3 Nc6 4. g3 Bc5 5. Bg2 d6 6. O-O Bg4 7. h3 Be6 8. Nc3
a6 9. Kh2 h6 10. Be3 O-O 11. Na4 Ba7 12. Bxa7 Nxa7 13. Nc3 c5 14. Nh4 Nc6 15.
Nf5 Qd7 16. g4 d5 17. Na4 Qc7 18. Nxc5 Bxf5 19. gxf5 Nb4 20. Nb3 Qxc2 21. Qxc2
Nxc2 22. Rac1 Rac8 23. a3 dxe4 24. Bxe4 Nxe4 25. dxe4 Nd4 26. Nxd4 exd4 27. Kg3
d3 28. Rfd1 Rc2 29. Rxc2 dxc2 30. Rc1 Rc8 31. Kf3 Kf8 32. Ke3 Ke7 33. Kd3 Kf6
34. f4 Rd8+ 35. Kxc2 g6 36. fxg6 Kxg6 37. Rd1 Rc8+ 38. Kd3 Kh5 39. e5 Kh4 40.
Ke4 Rc2 41. f5 h5 42. Re1 Rxb2 43. e6 fxe6 44. fxe6 Rb6 45. Kf5 Rxe6 46. Rxe6
Kxh3 47. Rb6 1-0

[Event "54smm A Kaltern/Tramin-Arci"]
[Site "?"]
[Date "2023.02.25"]
[Round "8.5"]
[White "De Nisi, Roberta"]
[Black "Unterkofler, Alex"]
[Result "1-0"]
[WhiteElo "1814"]
[BlackElo "1761"]
[PlyCount "79"]
[EventDate "2023.02.25"]

1. d4 Nf6 2. c4 g6 3. Nc3 d5 4. cxd5 Nxd5 5. e4 Nxc3 6. bxc3 Bg7 7. Bc4 c5 8.
Ne2 Nc6 9. Be3 cxd4 10. cxd4 Qa5+ 11. Bd2 Qa3 12. Bb5 O-O 13. Bxc6 bxc6 14. Qb3
Qa6 15. Rc1 Bg4 16. Qc4 Bxe2 17. Kxe2 Qxc4+ 18. Rxc4 Rab8 19. Bc3 Rb6 20. Rc1
Ra6 21. Rc2 Rd8 22. e5 f6 23. f4 fxe5 24. fxe5 Kf7 25. Ba1 Rd5 26. Rxc6 Rxc6
27. Rxc6 Ra5 28. Rc2 Ra3 29. Bc3 a5 30. Kd3 Ra4 31. d5 Ke8 32. Rb2 Kd8 33. Bd4
Ra3+ 34. Ke4 Ra4 35. Kd3 Ra3+ 36. Kc4 Ra4+ 37. Kc5 Kc8 38. Rf2 Bh6 39. Rf7 Bc1
40. Kc6 1-0

[Event "54smm A Kaltern/Tramin-Arci"]
[Site "?"]
[Date "2023.02.25"]
[Round "8.6"]
[White "Florian, Andreas"]
[Black "Rinaldo, Gaetano"]
[Result "1/2-1/2"]
[WhiteElo "1633"]
[BlackElo "1643"]
[PlyCount "81"]
[EventDate "2023.02.25"]

1. d4 Nf6 2. Bf4 d6 3. e3 g6 4. Nf3 Bg7 5. h3 O-O 6. c4 Nbd7 7. Nc3 Re8 8. Bh2
h6 9. Be2 Kh7 10. O-O Ng8 11. Qc2 b6 12. Qe4 Rb8 13. d5 e6 14. Qc2 e5 15. e4 a5
16. a3 Nf8 17. b4 Ra8 18. c5 f5 19. cxb6 cxb6 20. Bd3 fxe4 21. Bxe4 Bb7 22. Bg3
Rc8 23. Nh4 Qf6 24. Qd3 Re7 25. Rac1 Rec7 26. Rfe1 axb4 27. axb4 Ne7 28. Re3
Bxd5 29. Bxd5 Rxc3 30. Rxc3 Rxc3 31. Qxc3 Nxd5 32. Qd3 Nxe3 33. Qxe3 d5 34. Nf3
Nd7 35. Bh4 Qf4 36. Qxf4 exf4 37. Bd8 Bc3 38. b5 d4 39. Kf1 d3 40. g3 fxg3 41.
fxg3 1/2-1/2

[Event "54smm A Merania-Richter/Lask"]
[Site "?"]
[Date "2023.02.25"]
[Round "8.1"]
[White "De Eccher, Stefano"]
[Black "Bonagura, Stefano"]
[Result "1-0"]
[WhiteElo "2173"]
[BlackElo "2213"]
[PlyCount "83"]
[EventDate "2023.02.25"]

1. e4 c6 2. d4 d5 3. Nc3 dxe4 4. Nxe4 Nf6 5. Nxf6+ gxf6 6. c3 h5 7. h4 Bg4 8.
Be2 Rg8 9. Nf3 Nd7 10. Bf4 Nb6 11. Qb3 Qd7 12. Bg3 e6 13. a4 Nd5 14. a5 a6 15.
c4 Ne7 16. Rd1 Nf5 17. Bf4 Bh6 18. Bxh6 Nxh6 19. d5 cxd5 20. cxd5 e5 21. Qb6
Rg6 22. O-O Nf5 23. d6 Bh3 24. g3 Bxf1 25. Bxf1 Nxg3 26. fxg3 Rxg3+ 27. Bg2 Rc8
28. Qf2 Rg4 29. Nh2 Rf4 30. Qg3 Kf8 31. Bh3 Qa4 32. b3 Qa3 33. Bxc8 Qc5+ 34.
Kh1 Qxc8 35. d7 Qd8 36. Qc3 b6 37. Kg2 Ke7 38. Nf3 Rg4+ 39. Kf2 Rf4 40. Ke3 Ke6
41. Qc6+ Kf5 42. Qc8 1-0

[Event "54smm A Merania-Richter/Lask"]
[Site "?"]
[Date "2023.02.25"]
[Round "8.2"]
[White "Lami, Damiano"]
[Black "Moncher, Stefano"]
[Result "1/2-1/2"]
[WhiteElo "2039"]
[BlackElo "2169"]
[PlyCount "90"]
[EventDate "2023.02.25"]

1. e4 e6 2. d4 d5 3. exd5 exd5 4. c4 Nf6 5. Nc3 Be7 6. Nf3 O-O 7. h3 Nc6 8. Be2
h6 9. O-O Bf5 10. Bf4 Bd6 11. Bxd6 Qxd6 12. c5 Qd8 13. Bb5 Ne7 14. Re1 Ng6 15.
Bd3 Bxd3 16. Qxd3 c6 17. Ne5 Nxe5 18. Rxe5 Re8 19. Rae1 Rxe5 20. Rxe5 Qd7 21.
b4 Re8 22. f4 Qd8 23. Qe2 Kf8 24. a4 Nd7 25. Rxe8+ Qxe8 26. Qxe8+ Kxe8 27. Kf2
Ke7 28. b5 Kd8 29. a5 a6 30. bxa6 bxa6 31. f5 Nf6 32. Kf3 Ne8 33. Na2 Kc8 34.
Kf4 Nc7 35. Nb4 Kb7 36. h4 Nb5 37. Nc2 Kc7 38. f6 g6 39. Ke5 Kd7 40. g4 Kc7 41.
h5 g5 42. Nb4 Na3 43. Nxa6+ Kd7 44. Nb8+ Kc7 45. Na6+ Kd7 1/2-1/2

[Event "54smm A Merania-Richter/Lask"]
[Site "?"]
[Date "2023.02.25"]
[Round "8.3"]
[White "Bodrov, Timofey"]
[Black "Zuev, Mikhail"]
[Result "1-0"]
[WhiteElo "2104"]
[BlackElo "1726"]
[PlyCount "51"]
[EventDate "2023.02.25"]

1. e4 e5 2. Nf3 Nf6 3. Nc3 Nc6 4. a3 Bc5 5. Nxe5 Bxf2+ 6. Kxf2 Nxe5 7. d4 Nfg4+
8. Kg1 Qf6 9. Qd2 Ng6 10. h3 Nh6 11. Nd5 Qd8 12. Qf2 Ng8 13. Bc4 f6 14. e5 c6
15. Nc3 d5 16. exd6 Qxd6 17. Bd2 N8e7 18. Ne4 Qc7 19. Bb4 Qf4 20. Re1 Qxf2+ 21.
Kxf2 h6 22. Re2 Kd7 23. Rhe1 Nf4 24. Nxf6+ gxf6 25. Rxe7+ Kd8 26. Bd6 1-0

[Event "54smm A Merania-Richter/Lask"]
[Site "?"]
[Date "2023.02.25"]
[Round "8.4"]
[White "Battiston, Claudio"]
[Black "Bevilacqua, Maurizio"]
[Result "1/2-1/2"]
[WhiteElo "1806"]
[BlackElo "2084"]
[PlyCount "86"]
[EventDate "2023.02.25"]

1. e4 c5 2. Nf3 Nc6 3. Bb5 Qc7 4. O-O e6 5. Bxc6 Qxc6 6. Re1 Nf6 7. e5 Nd5 8.
c4 Nc7 9. Nc3 b6 10. d4 Bb7 11. Ne4 h6 12. dxc5 Bxc5 13. Nd4 Bxd4 14. Qxd4
O-O-O 15. Nd6+ Kb8 16. Nxb7 Kxb7 17. Be3 Rhg8 18. b4 d5 19. exd6 Rxd6 20. b5
Qd7 21. Qe4+ Kb8 22. a4 f5 23. Qe5 g5 24. a5 f4 25. axb6 axb6 26. Bc1 Rd1 27.
Ba3 Rxa1 28. Rxa1 Rd8 29. Re1 Qd3 30. Bb2 Qxc4 31. h3 Rd5 32. Qh8+ Kb7 33. Rc1
Qxb5 34. Qg7 Rc5 35. Re1 Rc2 36. Be5 Qc5 37. Bd4 Qc4 38. Kh2 f3 39. gxf3 b5 40.
Ra1 Ra2 41. Rxa2 Qxa2 42. Qxh6 Qd5 43. Qf6 b4 1/2-1/2

[Event "54smm A Merania-Richter/Lask"]
[Site "?"]
[Date "2023.02.25"]
[Round "8.5"]
[White "Billio, Atto"]
[Black "Kaserer, Hanspeter"]
[Result "0-1"]
[WhiteElo "2021"]
[BlackElo "1663"]
[PlyCount "53"]
[EventDate "2023.02.25"]

1. b3 Nf6 2. Bb2 e6 3. e3 d5 4. Nf3 Bd6 5. d4 O-O 6. Bd3 Nc6 7. Nbd2 Re8 8. Ne5
Nb4 9. Be2 Nd7 10. a3 Nc6 11. Nxc6 bxc6 12. f4 c5 13. O-O cxd4 14. exd4 c5 15.
g3 Qb6 16. Nf3 Nf6 17. Kg2 a5 18. Rb1 Ng4 19. Qd2 Bb7 20. Bd3 Nf6 21. h3 Ne4
22. Qe2 f6 23. Kh2 Qc7 24. Bxe4 dxe4 25. Ne1 Qb6 26. dxc5 Bxc5 27. Qd2 0-1

[Event "54smm A Merania-Richter/Lask"]
[Site "?"]
[Date "2023.02.25"]
[Round "8.6"]
[White "Klotzner, Jakob"]
[Black "Buglisi, Massimo"]
[Result "0-1"]
[WhiteElo "1909"]
[BlackElo "1444"]
[PlyCount "62"]
[EventDate "2023.02.25"]

1. e4 c5 2. f4 d5 3. exd5 Qxd5 4. Nc3 Qd8 5. Nf3 Nc6 6. Bb5 Bd7 7. O-O e6 8. d3
Be7 9. Be3 Nh6 10. h3 Nf5 11. Bf2 O-O 12. Re1 Nfd4 13. Nxd4 cxd4 14. Ne4 a6 15.
Ba4 b5 16. Bb3 a5 17. a4 b4 18. Rf1 Qc7 19. Bg3 f5 20. Nd2 Rf6 21. Bh4 Rg6 22.
Bxe7 Nxe7 23. Qe2 Kh8 24. Kh2 Bc6 25. g3 Nd5 26. Nc4 Rh6 27. Rae1 Rf8 28. Qe5
Qf7 29. Qxd4 Rxh3+ 30. Kxh3 Qh5+ 31. Kg2 Ne3+ 0-1

[Event "54smm A Naturns-Klausen"]
[Site "?"]
[Date "2023.02.25"]
[Round "8.1"]
[White "Schacher, Gerd"]
[Black "Gurschler, Thomas"]
[Result "1-0"]
[WhiteElo "2298"]
[BlackElo "1840"]
[PlyCount "47"]
[EventDate "2023.02.25"]

1. c4 g6 2. Nc3 Bg7 3. g3 c5 4. Bg2 Nc6 5. Nf3 Nf6 6. d4 cxd4 7. Nxd4 O-O 8.
O-O a6 9. c5 e5 10. Nb3 Qc7 11. Bg5 Re8 12. Rc1 Nd4 13. Nxd4 exd4 14. Qxd4 Ne4
15. Qe3 Nf6 16. Qf4 Qe5 17. b4 Nh5 18. Qxe5 Bxe5 19. Nd5 Kg7 20. Rfd1 f6 21.
Bd2 f5 22. f4 Bb8 23. Bc3+ Kf7 24. Nb6 1-0

[Event "54smm A Naturns-Klausen"]
[Site "?"]
[Date "2023.02.25"]
[Round "8.2"]
[White "Gurschler, Gregor"]
[Black "Seebacher, Michael"]
[Result "1/2-1/2"]
[WhiteElo "1802"]
[BlackElo "2056"]
[PlyCount "105"]
[EventDate "2023.02.25"]

1. e4 Nc6 2. Nf3 f5 3. exf5 d5 4. d4 Bxf5 5. Bb5 Nf6 6. Bxc6+ bxc6 7. c3 Qd6 8.
O-O e6 9. Bg5 Be7 10. Nbd2 O-O 11. Re1 Nd7 12. Bxe7 Qxe7 13. Qe2 c5 14. dxc5
Qxc5 15. Nb3 Qb6 16. Qe3 c5 17. Nh4 Rae8 18. Nxf5 Rxf5 19. Re2 e5 20. Rd1 e4
21. f3 Qg6 22. fxe4 Rxe4 23. Qd2 Rfe5 24. Rxe4 Qxe4 25. Qf2 Rf5 26. Qe1 Qxe1+
27. Rxe1 Kf7 28. Nd2 Ne5 29. b4 cxb4 30. cxb4 Nd3 31. Rb1 Rf2 32. Rd1 Re2 33.
Kf1 Re3 34. Rb1 Nf4 35. Rb3 Nxg2 36. Kxg2 Re2+ 37. Kg3 Rxd2 38. Ra3 Kf6 39.
Rxa7 Rb2 40. Rd7 Rxa2 41. Rxd5 Ra3+ 42. Kg4 g6 43. b5 Rb3 44. Rc5 h5+ 45. Kh4
Rf3 46. b6 Rb3 47. Rc6+ Kg7 48. Rc7+ Kh6 49. Rc6 Rf3 50. Rd6 Rc3 51. Re6 Kg7
52. Kg5 Rc5+ 53. Kf4 1/2-1/2

[Event "54smm A Naturns-Klausen"]
[Site "?"]
[Date "2023.02.25"]
[Round "8.3"]
[White "Haller, Quentin"]
[Black "Naegele, Raimund"]
[Result "1-0"]
[WhiteElo "1997"]
[BlackElo "1664"]
[PlyCount "35"]
[EventDate "2023.02.25"]

1. e4 c6 2. d4 d5 3. Nc3 dxe4 4. Nxe4 Bf5 5. Ng3 Bg6 6. N1e2 Nf6 7. Nf4 e6 8.
h4 Bd6 9. h5 Be4 10. Qe2 Bxf4 11. Bxf4 Qa5+ 12. Bd2 Qd5 13. c4 Qxd4 14. Bc3 Qb6
15. Nxe4 Nbd7 16. h6 Nxe4 17. hxg7 Rg8 18. Qxe4 1-0